000 00959nam a2200253Ia 4500
003 OSt
005 20221005103504.0
006 a|||||r|||| 00| 0
007 ta
008 221004b |||||||| |||| 00| 0 san d
020 _a9789381953884 (hbk)
_cINR 500.00
024 _a68337
037 _b989/19, 19/12/2019, Literacy House
_cTextual
040 _aCRL
_cCRL
_bsan
041 _2san
_asan
082 _aO15,2:g, Q8
100 _aअथइया, प्रज्ञा, ले.
245 0 _aचन्द्रकला नाटिका
_b समीक्षात्मक अध्ययन
246 _aChandrakalā nāṭikā: samīkṣhātmak adhyayana
260 _aजयपुर
_bरचना प्रकाशन भारत
_c2018
300 _a248पृ0
_ccm.
942 _hO15,2:g, Q8
_cTEXL
_2cc
999 _c1010175
_d1010175